000 01180nam a22003497a 4500
003 CHAP
005 20220329142502.0
008 010604d2000 mx r 00110 spa d
010 _a84144
011 _a85116
035 _a95647
040 _cCHAP
090 _aTesis
100 0 0 _aTrujano Chávez, Rafael Cuauhtémoc.
_9115380
245 1 0 _aDeterminación de contaminantes en el cultivo de Pleurotus spp.
_c/por Rafael Cuauhtémoc Trujano Chavez
260 _aChapingo, Méx. :
_bEl autor,
_c1995.
300 _a49 p. :
_bilus.
502 _aTesis (M.C. en Horticultura) -- UACH. Departamento de Fitotecnia)
590 _aALEPH
_b10
_c20130110
_lUCH01
_h1442
590 _aBATCH-UPD
_b10
_c20130110
_lUCH01
_h0632
590 _aBATCH-UPD
_b10
_c20130410
_lUCH01
_h0316
590 _aBATCH-UPD
_b10
_c20130914
_lUCH01
_h1621
590 _aCONVERSION
_b10
_c20130109
_lUCH01
_h1347
650 0 4 _aHongos comestibles.
_956124
650 0 4 _aPleurotus.
_989173
650 0 4 _aSetas.
_9105368
901 _aBK
905 _aAlejandra Carrasco M.
942 _cFOLL
949 _bBC
_cTES
_d33724000835039
_eTS2
_fc2
_h38232
_i95647
_sb
949 _bBC
_cTES
_d956471
_eTS1
_fc
_h38231
_i95647
_sb
999 _c84144
_d84144